=LDR 00000nam 2200000 4500 =001 INLIS000000000011465 =005 20201210103605 =035 ##$$a 0010-061300000011465 =008 201210################g##########0#ind## =041 ##$$a Ind =082 ##$$a 331.89 =090 ##$$a 331.89, Erm k =100 ##$$a Erman, Erwiza =245 1#$$a Kesenjangan buruh- majikan : $b Pengusaha, koeli dan penguasa: industri timah Belitung 1852-1940 /$c Erwiza Erman =260 ##$$a Jakarta :$b Pustaka sinar harapan,$c 1995 =650 #4$$a Hubungan Buruh dan Majikan =850 ##$$a NBPNMAT =020 ##$$a 979-416-274-4 =084 ##$$a 331.89 ERM k =250 ##$$a cet.1 =300 ##$$a 192 hlm. ; $c 21x14 cm =990 ##$$a 00033367 =990 ##$$a 00033368 =990 ##$$a 117.911/pro-97 =990 ##$$a 00033367 =990 ##$$a 06700670 =990 ##$$a 3199701819 =990 ##$$a 00033367 =990 ##$$a 117.911/pro-97